zpět

Detail výsledku týmu

Pivárna, Sloup

Datum a čas kvízu

25 Celkem bodů Celkový počet nahraných bodů na tomto kvízu bez doplňovacích otázek.
4. Pořadí na kvízu Konečné umístění týmu na tomto kvízu.

Zaznamenané odpovědi

# Otázka Odpověď Body Výsledky
1. Dita Protopopová, jejíž jméno... 1
2. Jihokorejec Kim Čong-jang byl... 0
3. Tři ženy v galerii mezinárodní... 0
4. Řada čínských e-shopů stáhla z... 0
5. Slovenský záložník se během zá... 0
6. Nedávno jsme zde probírali tém... 1
5. Která z těchto částí trávicí s... 0
5. Tato šedě růžová laločnatá žlá... 0.5
5. Špatné fungování tohoto orgánu... 0
5. Kterým českým výrazem je pojme... 1